|
|
|
|
| LEADER |
01177cam a2200313 a 4500 |
| 001 |
AAL592 |
| 003 |
BD-DhAAL |
| 005 |
20160421115238.0 |
| 008 |
160421s1991 bg b 000 0 eng |
| 010 |
|
|
|a 91904763
|
| 020 |
|
|
|a 9840511521 :
|c Tk275.00
|
| 040 |
|
|
|a DLC
|c DLC
|d DLC
|d BD-DhAAL
|
| 050 |
0 |
0 |
|a DS341
|b .S22 1991
|
| 082 |
|
|
|a 320.954
|
| 245 |
0 |
0 |
|a SAARC and the superpowers /
|c editor, Zillur R. Khan.
|
| 260 |
|
|
|a Dhaka :
|b University Press,
|c 1991.
|
| 300 |
|
|
|a 192 p. ;
|c 22 cm.
|
| 500 |
|
|
|a Contributed articles.
|
| 504 |
|
|
|a Includes bibliographical references.
|
| 541 |
|
|
|e 592
|
| 610 |
2 |
0 |
|a South Asian Association for Regional Cooperation.
|9 19179
|
| 651 |
|
0 |
|a South Asia
|x Politics and government.
|9 19180
|
| 651 |
|
0 |
|a South Asia
|x Foreign relations.
|9 19181
|
| 700 |
1 |
|
|a Khan, Zillur R.
|q (Zillur Rahman),
|d 1938-
|9 19182
|
| 740 |
0 |
|
|a South Asian Association for Regional Cooperation and the superpowers.
|
| 852 |
|
|
|a Savar Campus Library
|c General Shelf
|
| 942 |
|
|
|2 ddc
|c BK
|
| 999 |
|
|
|c 37457
|d 37457
|
| 952 |
|
|
|0 0
|1 0
|2 ddc
|4 0
|6 320_954000000000000_SAA
|7 0
|9 58814
|a SCL
|b SCL
|c GEN
|d 2016-04-21
|g 275.00
|l 0
|o 320.954 SAA
|p 3020000592
|r 2016-04-21
|t 1
|w 2016-04-21
|y BK
|